[Event "Santo Domingo Gesta Catorce op"]
[Site "Santo Domingo"]
[Date "2016.06.26"]
[Round "4"]
[White "De Leon, Julio Cesar"]
[Black "Tiburcio, Franklin Eddy"]
[Result "1-0"]
[WhiteElo "1650"]
[BlackElo "1615"]
[PlyCount "63"]
[EventDate "2016.06.24"]
[EventType "swiss"]
[EventRounds "8"]
[EventCountry "DOM"]
[SourceTitle "EXT 2017"]
[Source "ChessBase"]
[SourceDate "2016.10.25"]
[SourceVersion "1"]
[SourceVersionDate "2016.10.25"]
[SourceQuality "1"]

1. d4 d5 2. c4 c6 3. Nc3 Nf6 4. Nf3 Bf5 5. Bg5 e6 6. e3 Be7 7. Qb3 Qb6 8. c5 Qxb3 9. axb3 h6 10. Bf4 Nbd7 11. Ne5 Nh5 12. g4 Nxe5 13. gxf5 Nxf4 14. dxe5 Nh5 15. Be2 g6 16. fxg6 fxg6 17. Rg1 Bg5 18. f4 Bh4+ 19. Kd2 Kf7 20. Rg2 d4 21. Ne4 dxe3+ 22. Kxe3 Ng7 23. Nd6+ Ke7 24. Rxg6 Nf5+ 25. Ke4 Bf2 26. Bc4 Nxd6+ 27. cxd6+ Kd8 28. Bxe6 b5 29. Rg8+ Rxg8 30. Bxg8 Kd7 31. Bh7 Rd8 32. Bf5+ 1-0

[Event "Santo Domingo Summer op"]
[Site "Santo Domingo"]
[Date "2015.07.19"]
[Round "4"]
[White "De Leon, Julio Cesar"]
[Black "Almonte Almanzar, Jose Amado"]
[Result "1-0"]
[WhiteElo "1551"]
[BlackElo "1895"]
[PlyCount "67"]
[EventDate "2015.07.17"]
[EventType "swiss"]
[EventRounds "8"]
[EventCountry "DOM"]
[SourceTitle "EXT 2016"]
[Source "ChessBase"]
[SourceDate "2015.10.08"]
[SourceVersion "1"]
[SourceVersionDate "2015.10.08"]
[SourceQuality "1"]

1. c4 d5 2. d4 Nc6 3. Nf3 Bg4 4. e3 e6 5. a3 Nf6 6. b4 Be7 7. Bd3 a6 8. 0-0 0-0 9. Bb2 Ne4 10. Be2 f5 11. Nbd2 Rf6 12. Ne1 Bxe2 13. Qxe2 f4 14. Nxe4 dxe4 15. f3 exf3 16. Nxf3 fxe3 17. Qxe3 Rh6 18. Rfe1 Bh4 19. g3 Bf6 20. Rad1 Kh8 21. Ne5 Qe8 22. Qe4 Qh5 23. Ng4 Rg6 24. Nxf6 gxf6 25. d5 Rag8 26. Rd3 exd5 27. cxd5 Nd8 28. Rf1 Qh6 29. Rdf3 Rf8 30. Qe7 Kg8 31. Rxf6 Rgxf6 32. Rxf6 Rxf6 33. Bxf6 Qf8 34. Qxd8 1-0

[Event "Santo Domingo op U2100 2nd"]
[Site "Santo Domingo"]
[Date "2015.06.26"]
[Round "5"]
[White "Ozuna Ozuna, Daniel A"]
[Black "De Leon, Julio Cesar"]
[Result "0-1"]
[WhiteElo "1743"]
[BlackElo "1608"]
[PlyCount "106"]
[EventDate "2015.06.19"]
[EventType "swiss"]
[EventRounds "8"]
[EventCountry "DOM"]
[SourceTitle "CBM 167 Extra"]
[Source "ChessBase"]
[SourceDate "2015.09.14"]
[SourceVersion "1"]
[SourceVersionDate "2015.09.14"]
[SourceQuality "1"]

1. e4 c5 2. Bc4 e6 3. Nc3 Nc6 4. Nf3 d6 5. d4 cxd4 6. Nxd4 Nf6 7. Bb5 Bd7 8. Bg5 Be7 9. 0-0 Nxe4 10. Bxe7 Nxc3 11. Bxd8 Nxd1 12. Raxd1 Nxd4 13. Bxd7+ Kxd7 14. Rxd4 Raxd8 15. Rfd1 Kc7 16. R1d3 e5 17. Rd5 b6 18. Rc3+ Kd7 19. Rcd3 Ke6 20. c4 Rd7 21. b4 Rc8 22. Rc3 Rxc4 23. Rdd3 Rxb4 24. f3 Rb2 25. a3 d5 26. Rc6+ Ke7 27. Re3 f6 28. f4 e4 29. f5 Kf7 30. h3 Re7 31. Rec3 Rd7 32. Rc7 Ke7 33. g4 d4 34. R3c6 e3 35. Rc4 Rd2 36. h4 g6 37. Kf1 gxf5 38. gxf5 Rf2+ 39. Ke1 Rxf5 40. Rxd7+ Kxd7 41. Rxd4+ Ke6 42. Re4+ Re5 43. Rd4 f5 44. Ke2 h5 45. a4 a6 46. Rf4 Kd5 47. Rb4 Kc5 48. Rf4 b5 49. Rf3 bxa4 50. Rxe3 Rxe3+ 51. Kxe3 a3 52. Kd3 a2 53. Kc3 a1Q+ 0-1

[Event "Santo Domingo op U2100 2nd"]
[Site "Santo Domingo"]
[Date "2015.06.19"]
[Round "1"]
[White "Toro Rojas, Freddy Alberto"]
[Black "De Leon, Julio Cesar"]
[Result "1-0"]
[WhiteElo "1907"]
[BlackElo "1608"]
[PlyCount "78"]
[EventDate "2015.06.19"]
[EventType "swiss"]
[EventRounds "8"]
[EventCountry "DOM"]
[SourceTitle "CBM 167 Extra"]
[Source "ChessBase"]
[SourceDate "2015.09.14"]
[SourceVersion "1"]
[SourceVersionDate "2015.09.14"]
[SourceQuality "1"]

1. d4 e6 2. Nf3 Nf6 3. g3 d5 4. Bg2 c5 5. 0-0 Nc6 6. c3 Be7 7. Nbd2 0-0 8. Nb3 b6 9. Bg5 Ne4 10. Bxe7 Qxe7 11. e3 f5 12. Nbd2 Ba6 13. Re1 Rfd8 14. Qa4 Qb7 15. Nxe4 fxe4 16. Ng5 Rd6 17. Qd1 Qe7 18. Qh5 h6 19. Nh3 e5 20. Rad1 Rf8 21. b3 Bc8 22. dxc5 bxc5 23. c4 Bxh3 24. Qxh3 Qf6 25. Rf1 d4 26. Bxe4 Ne7 27. exd4 Rxd4 28. Rxd4 exd4 29. Qd7 Qe5 30. Bd3 a5 31. Qb7 Nc8 32. Qa6 Nd6 33. Qxa5 Nf7 34. Re1 Qg5 35. f4 Qd8 36. Qxc5 Qa8 37. a4 Qf3 38. Bh7+ Kxh7 39. Qxf8 Qh5 1-0